|
|
|
|
| LEADER |
01034nam a2200217 u 4500 |
| 001 |
10058395 |
| 003 |
GR-PaULI |
| 005 |
20210117210540.0 |
| 008 |
061115s1988 gr gre |
| 040 |
|
|
|a GR-PaULI
|c GR-PaULI
|b gre
|e AACR2
|
| 082 |
0 |
4 |
|a 371.822
|2 23
|
| 100 |
1 |
|
|a Λαμπράκη-Παγανού, Αλεξάνδρα
|9 43146
|e συγγραφέας.
|
| 245 |
1 |
2 |
|a Η εκπαίδευση των Ελληνίδων κατά την οθωνική περίοδο /
|b
|c Λαμπράκη-Παγανού, Αλεξάνδρα
|
| 260 |
|
|
|a Αθήνα :
|b [χ.ό.],
|c 1988.
|
| 300 |
|
|
|a 348 σ. ;
|c 24 εκ.
|
| 504 |
|
|
|a Περιλαμβάνει βιβλιογραφικές παραπομπές.
|
| 650 |
|
4 |
|a Γυναίκες
|z Ελλάδα.
|9 166647
|x Εκπαίδευση
|
| 942 |
|
|
|2 ddc
|c BK15
|
| 952 |
|
|
|0 0
|1 0
|2 ddc
|4 0
|6 371_822000000000000_ΛΑΜ
|7 0
|9 219147
|a LISP
|b LISP
|c BSC
|d 2018-01-22
|i 118402
|l 0
|o 371.822 ΛΑΜ
|p 025000235263
|r 2018-01-22 00:00:00
|t 1
|v 2018.00
|w 2018-01-22
|y BK15
|
| 998 |
|
|
|c ΜΠΟΥΡΑΣ
|d 2018-01
|
| 999 |
|
|
|c 132635
|d 132635
|